The Third World War, August 1985 /

Bibliographic Details
Main Author: Hackett, John, Sir, 1910-1997
Format: Book
Language:English
Published: New York : Macmillan, 1978
Subjects:

MARC

Tag First Indicator Second Indicator Subfields
LEADER 00000cam a2200000 a 4500
001 in00000088482
005 20151008065100.0
008 781027s1978 nyub 00110 engm
010 |a  78025549  
020 |a 0025471600 :  |c $12.95 
035 |a (OCoLC)04496917 
035 |9 AAK5321AM 
040 |a DLC  |c DLC  |d m.c.  |d TXA  |d UtOrBLW 
049 |a TXAM  |c 1 [388073]  |a TXAS [mil]  |c 2 
050 0 0 |a U313  |b .H3 
082 0 |a 355.4/8/09048 
090 |a U313  |b .H3 1979 
100 1 |a Hackett, John,  |c Sir,  |d 1910-1997. 
245 1 4 |a The Third World War, August 1985 /  |c by Sir John Hackett and other top-ranking NATO generals and advisors. 
264 1 |a New York :  |b Macmillan,  |c 1978 
264 3 |c 1979 printing 
300 |a 368 pages :  |b maps ;  |c 24 cm. 
336 |a text  |b txt  |2 rdacontent 
337 |a unmediated  |b n  |2 rdamedia 
338 |a volume  |b nc  |2 rdacarrier 
504 |a Includes index. 
650 0 |a World War III. 
650 0 |a Imaginary histories. 
999 |a MARS 
999 f f |s 46a27996-a790-3800-a573-e49a80543c59  |i 9f05a5ec-1e00-3a3d-9b83-c251e86ba2e0  |t 0 
952 f f |p noncirc  |a Texas A&M University  |b College Station  |c Cushing Memorial Library & Archives  |d Cushing: Ragan Military (Does not check out)  |t 0  |e U313 .H3 1978  |h Library of Congress classification  |i unmediated -- volume 
998 f f |a U313 .H3 1978  |t 0  |l Cushing: Ragan Military (Does not check out)